Data Structures And Algorithms (Record no. 108135)

MARC details
000 -LEADER
fixed length control field 00344pam a2200145 a 4500
020 ## - INTERNATIONAL STANDARD BOOK NUMBER
Terms of availability
041 ## - LANGUAGE CODE
Language code of original
082 ## - DEWEY DECIMAL CLASSIFICATION NUMBER
Classification number 5.7300000000000004
Item number GOO
100 ## - MAIN ENTRY--PERSONAL NAME
Personal name Goodrich,M.T.
245 ## - TITLE STATEMENT
Title Data Structures And Algorithms
Medium Textual Documents
260 ## - PUBLICATION, DISTRIBUTION, ETC.
Place of publication, distribution, etc. New Delhi
Name of publisher, distributor, etc. Wiley India
Date of publication, distribution, etc. 2009
300 ## - PHYSICAL DESCRIPTION
Extent XV/682
700 ## - ADDED ENTRY--PERSONAL NAME
Personal name Damassia,R.
930 ## - EQUIVALENCE OR CROSS-REFERENCE-UNIFORM TITLE HEADING [LOCAL, CANADA]
Uniform title 1302
Holdings
Withdrawn status Lost status Damaged status Not for loan Collection Home library Current library Shelving location Date acquired Source of acquisition Cost, normal purchase price Total Checkouts Full call number Barcode Date last seen Copy number Price effective from Koha item type
          Abhijit Kadam Institute of Management & Social Science, Solapur Abhijit Kadam Institute of Management & Social Science, Solapur   13/09/2011 Bharati Madhyavarti Sahakari Grahakbhandar Limited 449.00   5.7300000000000004 GOO AKS-C-03309 01/03/2023 1 01/03/2023 Book